History Quiz

Random History or Politics Quiz

U.S. Political Sex Scandals: More D or R? Quiz Stats

Quiz not verified by Sporcle

Challenge
Share
Tweet
Embed
Score 0/11 Timer 01:00
0 Plays Today
Type of Scandal Party % Correct
????
98.5%
????
78.2%
????
77.2%
????
62.4%
????
60.5%
????
55.3%
????
54.2%
????
53.6%
????
51.2%
????
50.7%
????
42.7%

You're not logged in!

Compare scores with friends on all Sporcle quizzes.
Join for Free
OR
Log In

You Might Also Like...

Show Comments

Extras

Top Quizzes Today


Score Distribution

Your Account Isn't Verified!

In order to create a playlist on Sporcle, you need to verify the email address you used during registration. Go to your Sporcle Settings to finish the process.

Report this User

Report this user for behavior that violates our Community Guidelines.

Details: